[Event "Amager-ch B"]
[Site "Amager"]
[Date "2014.09.02"]
[Round "3"]
[White "Tolba, Henri"]
[Black "Petersen, Tobias Christian"]
[Result "1/2-1/2"]
[WhiteElo "1493"]
[BlackElo "1629"]
[PlyCount "113"]
[EventDate "2014.08.19"]
[EventType "tourn"]
[EventRounds "7"]
[EventCountry "DEN"]
[SourceTitle "EXT 2023"]
[Source "ChessBase"]
[SourceDate "2022.10.05"]
[SourceVersion "1"]
[SourceVersionDate "2022.10.05"]
[SourceQuality "1"]

1. e4 Nf6 2. e5 Nd5 3. d4 d6 4. Nf3 g6 5. c4 Nb6 6. exd6 cxd6 7. Be3 Bg7 8. Qd2 0-0 9. Bh6 Bg4 10. Bxg7 Kxg7 11. Qf4 Bxf3 12. Qxf3 Nc6 13. Qc3 d5 14. b3 e6 15. Nd2 Qf6 16. Nf3 Rac8 17. c5 Nd7 18. Bb5 a6 19. Bxc6 Rxc6 20. Rc1 Re8 21. 0-0 e5 22. Nxe5 Nxe5 23. dxe5 Qxe5 24. Qb4 Qc7 25. Qd4+ Qe5 26. Qb4 Re7 27. Rfe1 Qc7 28. Rxe7 Qxe7 29. Qd4+ f6 30. b4 a5 31. a3 axb4 32. axb4 Qe5 33. Rd1 Re6 34. g3 b6 35. Qxd5 bxc5 36. bxc5 Qxd5 37. Rxd5 Rc6 38. Kg2 Ra6 39. Rd7+ Kf8 40. Kf3 Re6 41. Rc7 h5 42. c6 Ke8 43. Rg7 Rxc6 44. Rxg6 Kf7 45. Rh6 Rc5 46. Rh8 Kg7 47. Ra8 Rc4 48. Rd8 Kg6 49. Rd5 h4 50. g4 Rc3+ 51. Kf4 Rh3 52. Rd6 Rxh2 53. f3 Rg2 54. Rd5 h3 55. Rh5 h2 56. Rh8 Kg7 57. Rh4 1/2-1/2

[Event "Amager-ch B"]
[Site "Amager"]
[Date "2014.08.19"]
[Round "1"]
[White "Lundborg, Jakob"]
[Black "Petersen, Tobias Christian"]
[Result "1-0"]
[WhiteElo "1656"]
[BlackElo "1629"]
[PlyCount "66"]
[EventDate "2014.08.19"]
[EventType "tourn"]
[EventRounds "7"]
[EventCountry "DEN"]
[SourceTitle "EXT 2023"]
[Source "ChessBase"]
[SourceDate "2022.10.05"]
[SourceVersion "1"]
[SourceVersionDate "2022.10.05"]
[SourceQuality "1"]

1. d4 f5 2. Nc3 d5 3. Bg5 Nf6 4. Bxf6 exf6 5. e3 Be6 6. Bd3 c6 7. Nge2 g6 8. Qd2 a5 9. a3 Bd6 10. Nf4 Bf7 11. Qe2 0-0 12. h4 Bxf4 13. Qf3 Bc7 14. h5 Kg7 15. g4 fxg4 16. Qxg4 Qe8 17. 0-0-0 Be6 18. Qg2 g5 19. e4 Qf7 20. Ne2 h6 21. f4 dxe4 22. Bxe4 Nd7 23. Bg6 Qe7 24. Rde1 Bd5 25. Ng3 Qd8 26. Nf5+ Kh8 27. Qf2 Bxf4+ 28. Kb1 Bf7 29. Nxh6 Bxg6 30. hxg6 Kg7 31. Qf3 Re8 32. Nf5+ Kxg6 33. Qh5+ Kxf5 1-0